Robust discrete optimization and its applications
Saved in:
| Main Author: | |
|---|---|
| Other Authors: | |
| Format: | Book |
| Language: | English |
| Published: |
Dordrecht ; Boston :
Kluwer Academic,
c1997.
|
| Series: | Nonconvex optimization and its applications
14 |
| Subjects: | |
| Tags: |
Add Tag
No Tags, Be the first to tag this record!
|
MARC
| LEADER | 00000cam a2200000 i 4500 | ||
|---|---|---|---|
| 001 | 1/84350 | ||
| 008 | 990628s1996 ne | ||| |||| ||eng|| | ||
| 020 | |a 0792342917 | ||
| 035 | |l 10051587 | ||
| 040 | |a GR-MyUA |b gre |e AACR2 | ||
| 041 | 0 | |a eng | |
| 082 | 0 | |a 003.56 | |
| 100 | 1 | |a Κουβέλης, Πάνος. | |
| 245 | 1 | 0 | |a Robust discrete optimization and its applications / |c Panos Kouvelis and Gang Yu. |
| 260 | |a Dordrecht ; Boston : |b Kluwer Academic, |c c1997. | ||
| 300 | |a xvi, 356 σ. : |b εικ. ; |c 25 εκ. | ||
| 490 | 1 | |a (Nonconvex optimization and its applications |v ; 14) | |
| 504 | |a Περιέχει βιβλιογραφικές αναφορές και ευρετήριο. | ||
| 650 | 0 | 0 | |a Mathematical optimization. |
| 700 | 1 | |a Yu, Gang. | |
| 830 | 0 | |a Nonconvex optimization and its applications |v 14 | |
| 852 | |a INST |b SAMOS |e 19990628 |h 003.56 KOY |p 005300015011 |q 005300015011 |t BK |y 0 | ||
| 901 | |a BIBL3-1999-2 | ||
| 909 | |a Σ |b 065935 | ||
| 922 | |a 3ΕΛΗ |b 199905 |c ΚΠΣ |d GLORY | ||
| 970 | |a Γενούζου |b Χρυσάνθη |z 1999/06/28 | ||